| 000 | 01340nam0a2200265 4500 | ||
|---|---|---|---|
| 001 | RU\NLR\BIBL_A\022462580 | ||
| 005 | 20250810080437.0 | ||
| 035 | _a(NLR Aleph) 022462580 | ||
| 090 |
_a13364887 _c13364887 |
||
| 100 | _a20250219a1945 u y0rusy50 ca | ||
| 101 | 0 | _aarm | |
| 102 | _aAM | ||
| 105 | _ay z 000yy | ||
| 200 | 1 |
_aԾրագիր եվ մեթոդական ցուցմունքներ մանկավարժական ինստիտուտների հեռակայողների համար պատմության ֆակուլտետ _eմիջին դարերի պատմություն _fԳ.Միքայելյան _gՀՍՍՌ պետական հեռակա մանկավարժական ինստիտուտ |
|
| 210 |
_aԵրեվան _bՀեռակա մանկավարժական ինստիտուտի հրատարակչություն _d1945 |
||
| 215 |
_a81,[1] с. _d20 |
||
| 225 | 1 | _aԶեռագրի իրավունքով | |
| 541 | 1 |
_6z01790 _aПрограммы и методические указания для заочников педагогических институтов _eистория средных веков _zrus |
|
| 700 | 1 |
_aՄիքայելյան _bԳ. _4730 |
|
| 790 | 0 |
_6z01541 _aМикаелян _bГ. _4730 |
|
| 942 | _cBOOK | ||
| 945 | _aРоссийская национальная библиотека | ||
| 980 | _aBV | ||
| 980 | _aNB | ||